[Event "Pornic op"]
[Site "Pornic"]
[Date "2009.08.??"]
[Round "3"]
[White "Relaix, Alain"]
[Black "Barbot, Pierre"]
[Result "0-1"]
[WhiteElo "1600"]
[BlackElo "2069"]
[PlyCount "80"]
[EventDate "2009.08.??"]
[EventType "swiss"]
[EventRounds "6"]
[EventCountry "FRA"]
[SourceTitle "EXT 2010"]
[Source "ChessBase"]
[SourceDate "2010.11.25"]
[SourceVersion "1"]
[SourceVersionDate "2010.11.25"]
[SourceQuality "1"]

1. e4 c5 2. Nf3 Nc6 3. Bc4 e6 4. Nc3 d6 5. d4 cxd4 6. Nxd4 Nf6 7. 0-0 Be7 8. Nxc6 bxc6 9. Qd3 0-0 10. Bg5 d5 11. exd5 cxd5 12. Bb3 h6 13. Bh4 Qa5 14. Ne2 Ba6 15. c4 Rac8 16. Rfc1 Rfd8 17. Qd4 dxc4 18. Qc3 Qxc3 19. Nxc3 cxb3 20. axb3 Bd3 21. Rxa7 Bc5 22. Raa1 Bd4 23. h3 g5 24. Bg3 Nh5 25. Kh2 Nxg3 26. fxg3 e5 27. b4 e4 28. b5 Bxc3 29. bxc3 Bxb5 30. Ra5 Bd3 31. Re5 Re8 32. Rd5 Rcd8 33. c4 Rxd5 34. cxd5 Rd8 35. Rc5 e3 36. Kg1 Re8 37. d6 e2 38. d7 e1Q+ 39. Kh2 Rd8 40. Rd5 Be4 0-1

[Event "Rohde op 06th"]
[Site "Sautron"]
[Date "2006.10.31"]
[Round "5"]
[White "Relaix, Alain"]
[Black "Dias, Theodore"]
[Result "0-1"]
[WhiteElo "1650"]
[BlackElo "1420"]
[PlyCount "56"]
[EventDate "2006.10.28"]
[EventType "swiss"]
[EventRounds "9"]
[EventCountry "FRA"]
[SourceTitle "EXT 2007"]
[Source "ChessBase"]
[SourceDate "2006.11.23"]
[SourceVersion "1"]
[SourceVersionDate "2006.11.23"]
[SourceQuality "1"]

1. c4 e5 2. Nc3 Nf6 3. g3 Nc6 4. Bg2 Bc5 5. d3 d6 6. Nf3 h6 7. a3 0-0 8. b4 Bb6 9. 0-0 Bg4 10. Be3 Bxe3 11. fxe3 Qd7 12. Rf2 Bh3 13. Bh1 Rfe8 14. e4 Ng4 15. Nh4 Nxf2 16. Kxf2 Re6 17. Nd5 Nd4 18. e3 c6 19. exd4 cxd5 20. cxd5 Rf6+ 21. Ke3 Qb5 22. Qh5 exd4+ 23. Ke2 Rc8 24. Nf3 Rc2+ 25. Nd2 Rxd2+ 26. Kxd2 Rf2+ 27. Kc1 Qxd3 28. Qxf7+ Kxf7 0-1

[Event "Nantes op 3rd"]
[Site "Nantes"]
[Date "2004.12.29"]
[Round "6"]
[White "Relaix, Alain"]
[Black "Delinotte, Mathieu"]
[Result "1-0"]
[WhiteElo "1470"]
[BlackElo "1890"]
[PlyCount "89"]
[EventDate "2004.12.27"]
[EventType "swiss"]
[EventRounds "7"]
[EventCountry "FRA"]
[SourceTitle "EXT 2006"]
[Source "ChessBase"]
[SourceDate "2005.11.24"]
[SourceVersion "1"]
[SourceVersionDate "2005.11.24"]
[SourceQuality "1"]

1. e4 c5 2. Nf3 d6 3. Bc4 Nc6 4. c3 Nf6 5. d3 g6 6. Ng5 e6 7. Qf3 Bg7 8. Be3 Ne5 9. Bb5+ Bd7 10. Bxd7+ Nfxd7 11. Qd1 0-0 12. f4 Nc6 13. h4 h6 14. Nf3 h5 15. Qd2 f5 16. Ng5 Qe7 17. Na3 e5 18. 0-0-0 a6 19. Nc4 b5 20. Na3 Bf6 21. exf5 gxf5 22. Qe2 exf4 23. Qxh5 fxe3 24. Qg6+ Qg7 25. Qxf5 Bxg5 26. Qd5+ Rf7 27. hxg5 Rc8 28. Rdf1 e2 29. Re1 b4 30. Nb1 Qe5 31. Qc4 bxc3 32. Nxc3 Qxg5+ 33. Kb1 Nd4 34. Ne4 d5 35. Qxa6 Qd8 36. Qh6 Rg7 37. Qh8+ Kf7 38. Nd6+ Kf6 39. Rh6+ Kg5 40. Qxg7+ Kf4 41. Qf7+ Ke3 42. Rh3+ Kd2 43. Rhh1 Rb8 44. Qf4+ Kxd3 45. Qg3+ 1-0